<?xml version="1.0" encoding="UTF-8"?>
<record
    xmlns:xsi="http://www.w3.org/2001/XMLSchema-instance"
    xsi:schemaLocation="http://www.loc.gov/MARC21/slim http://www.loc.gov/standards/marcxml/schema/MARC21slim.xsd"
    xmlns="http://www.loc.gov/MARC21/slim">

  <leader>00984nam a2200229 a 4500</leader>
  <controlfield tag="001">86450</controlfield>
  <controlfield tag="003">BD-RjUL</controlfield>
  <controlfield tag="005">20260507122002.0</controlfield>
  <controlfield tag="008">260507s2025    bg ||||| |||| 00| 0 ben d</controlfield>
  <datafield tag="020" ind1=" " ind2=" ">
    <subfield code="a">9789849051107</subfield>
  </datafield>
  <datafield tag="035" ind1=" " ind2=" ">
    <subfield code="a">(BD-RjUL)86450</subfield>
  </datafield>
  <datafield tag="040" ind1=" " ind2=" ">
    <subfield code="a">BD-RjUL</subfield>
    <subfield code="b">eng</subfield>
    <subfield code="c">BD-RjUL</subfield>
  </datafield>
  <datafield tag="041" ind1=" " ind2=" ">
    <subfield code="a">ben</subfield>
  </datafield>
  <datafield tag="082" ind1=" " ind2=" ">
    <subfield code="2">23</subfield>
    <subfield code="a">004.01</subfield>
    <subfield code="b">HOT 2025</subfield>
  </datafield>
  <datafield tag="100" ind1=" " ind2=" ">
    <subfield code="a">&#x9B9;&#x9CB;&#x9B8;&#x9C7;&#x9A8;, &#x9AE;&#x9CB;. &#x98F;&#x995;&#x9B0;&#x9BE;&#x9AE; </subfield>
    <subfield code="9">18406</subfield>
  </datafield>
  <datafield tag="245" ind1=" " ind2=" ">
    <subfield code="a">&#x9A4;&#x9A5;&#x9CD;&#x9AF; &#x9AA;&#x9CD;&#x9B0;&#x9AF;&#x9C1;&#x995;&#x9CD;&#x9A4;&#x9BF;&#x9B0; &#x9AE;&#x9CC;&#x9B2; &#x9A7;&#x9BE;&#x9B0;&#x9A3;&#x9BE; &#x993; &#x995;&#x9AE;&#x9CD;&#x9AA;&#x9BF;&#x989;&#x99F;&#x9BE;&#x9B0; &#x9A8;&#x9C0;&#x9A4;&#x9BF;&#x9AC;&#x9BF;&#x9A6;&#x9CD;&#x9AF;&#x9BE; / </subfield>
    <subfield code="c">&#x9AE;&#x9CB;. &#x98F;&#x995;&#x9B0;&#x9BE;&#x9AE; &#x9B9;&#x9CB;&#x9B8;&#x9C7;&#x9A8;</subfield>
  </datafield>
  <datafield tag="260" ind1=" " ind2=" ">
    <subfield code="a">&#x9A2;&#x9BE;&#x995;&#x9BE; :</subfield>
    <subfield code="b">&#x987;&#x9A4;&#x9CD;&#x9AF;&#x9BE;&#x9A6;&#x9BF; &#x997;&#x9CD;&#x9B0;&#x9A8;&#x9CD;&#x9A5; &#x9AA;&#x9CD;&#x9B0;&#x995;&#x9BE;&#x9B6;,</subfield>
    <subfield code="c">&#x9E8;&#x9E6;&#x9E8;&#x9EB;</subfield>
  </datafield>
  <datafield tag="300" ind1=" " ind2=" ">
    <subfield code="a">&#x9E8;&#x9EF;&#x9EA; &#x9AA;&#x9C3;. :</subfield>
    <subfield code="b">&#x99A;&#x9BF;&#x9A4;&#x9CD;&#x9B0;&#x9B8;&#x9AE;&#x9C2;&#x9B9;;</subfield>
    <subfield code="c">&#x9E8;&#x9E8; &#x9B8;&#x9C7;&#x9AE;&#x9BF;.</subfield>
  </datafield>
  <datafield tag="650" ind1=" " ind2=" ">
    <subfield code="a">&#x995;&#x9AE;&#x9CD;&#x9AA;&#x9BF;&#x989;&#x99F;&#x9BE;&#x9B0; &#x9AC;&#x9BF;&#x99C;&#x9CD;&#x99E;&#x9BE;&#x9A8;</subfield>
    <subfield code="x">&#x9A6;&#x9B0;&#x9CD;&#x9B6;&#x9A8; &#x993; &#x9A4;&#x9A4;&#x9CD;&#x9A4;&#x9CD;&#x9AC;</subfield>
    <subfield code="9">18407</subfield>
  </datafield>
  <datafield tag="650" ind1=" " ind2=" ">
    <subfield code="a">Computer Science</subfield>
    <subfield code="x">Philosophy and Theory</subfield>
    <subfield code="9">18408</subfield>
  </datafield>
  <datafield tag="942" ind1=" " ind2=" ">
    <subfield code="2">ddc</subfield>
    <subfield code="c">BK</subfield>
  </datafield>
  <datafield tag="999" ind1=" " ind2=" ">
    <subfield code="c">86450</subfield>
    <subfield code="d">86450</subfield>
  </datafield>
  <datafield tag="952" ind1=" " ind2=" ">
    <subfield code="0">0</subfield>
    <subfield code="1">0</subfield>
    <subfield code="2">ddc</subfield>
    <subfield code="4">0</subfield>
    <subfield code="7">1</subfield>
    <subfield code="8">NFIC</subfield>
    <subfield code="a">RUCL</subfield>
    <subfield code="b">RUCL</subfield>
    <subfield code="c">Reading</subfield>
    <subfield code="d">2026-04-19</subfield>
    <subfield code="e">Author</subfield>
    <subfield code="l">0</subfield>
    <subfield code="o">B 004.01 HOT 2025</subfield>
    <subfield code="r">2026-05-07 12:19:34</subfield>
    <subfield code="t">C-1</subfield>
    <subfield code="w">2026-05-07</subfield>
    <subfield code="y">BK</subfield>
  </datafield>
</record>
